LEADER 01093cam0-22003971i-450- 001 990003746140403321 005 20050927133510.0 035 $a000374614 035 $aFED01000374614 035 $a(Aleph)000374614FED01 035 $a000374614 100 $a20030910d1976----km-y0itay50------ba 101 0 $aita 102 $aIT 105 $ay-------001yy 200 1 $a<>rapporto uomo donna nella civiltà borghese$fUmberto Cerroni 205 $a2 ed. riveduta e corretta 210 $aRoma$cEditori Riuniti$dc1976 215 $a173 p.$d18 cm 225 1 $aArgomenti$v47 610 0 $aFamiglia$aRelazioni marito-moglie 676 $a306.872 676 $a305 676 $a15430 700 1$aCerroni,$bUmberto$033410 801 0$aIT$bUNINA$gRICA$2UNIMARC 901 $aBK 912 $a990003746140403321 952 $a306.872 CER 1$b644$fBFS 952 $aCOLLEZ. 173 (47)$b8529$fFSPBC 952 $a15430 CER$b7534 bis/I$fSES 959 $aBFS 959 $aFSPBC 959 $aSES 996 $aRapporto uomo donna nella civiltà borghese$9509562 997 $aUNINA LEADER 01464nam1-2200493---450 001 990007489790403321 005 20191029090549.0 010 $a88-86412-56-8 035 $a000748979 035 $aFED01000748979 035 $a(Aleph)000748979FED01 035 $a000748979 100 $a20030814d1999----km-y0itay50------ba 101 0 $aita 102 $aIT 105 $ay---j---001y- 200 1 $a<>rifiuti nel 21. secolo$eil caso Italia tra Europa e Mediterraneo$fLudwing Kramer, Marco Onida, Enzo Favoino, Aldo Iacomelli, Attilio Tornavacca, Vincenzo Di Dato ... [et al.] 210 $aMilano$cAmbiente$d1999 215 $a259 p.$d23 cm 225 1 $a<>nuova gestione dell'ambiente 610 0 $aRifiuti$aTrattamento 610 0 $aAmbiente 610 0 $aGestione rifiuti$aNormativa 676 $a363.73 676 $a363.728 702 1$aKrämer,$bLudwig 702 1$aOnida,$bMarco 702 1$aFavoino,$bEnzo 702 1$aIacomelli,$bAldo 702 1$aTornavacca,$bAttilio 702 1$aDi Dato,$bVincenzo 801 0$aIT$bUNINA$gRICA$2UNIMARC 901 $aBK 912 $a990007489790403321 952 $aA-It 0423$bB.F.L.F.33343$fILFGE 952 $aVII C 313$b35261$fFSPBC 952 $a60 363.73 KRAL 1999$b9221$fFAGBC 952 $a048.005.KRA$binv. 3001$fDECGE 959 $aILFGE 959 $aFAGBC 959 $aDECGE 959 $aFSPBC 996 $aRifiuti nel 21. secolo$9675632 997 $aUNINA